[Event "RSA-chT U16"]
[Site "Cape Town"]
[Date "2016.01.06"]
[Round "5.6"]
[White "Coetzee, Jasmin"]
[Black "Thomas, Kevin"]
[Result "1/2-1/2"]
[WhiteElo "1060"]
[BlackElo "1040"]
[PlyCount "82"]
[EventDate "2016.01.04"]
[EventType "team-tourn"]
[EventRounds "7"]
[EventCountry "RSA"]
[SourceTitle "CBM 170 Extra"]
[Source "ChessBase"]
[SourceDate "2016.02.25"]
[SourceVersion "1"]
[SourceVersionDate "2016.02.25"]
[SourceQuality "1"]
[WhiteTeam "Nelson Mandela Bay"]
[BlackTeam "Ekurhuleni"]
[WhiteTeamCountry "RSA"]
[BlackTeamCountry "RSA"]

1. e4 b6 2. d4 Bb7 3. Nc3 e6 4. Bc4 Bb4 5. Nge2 Nf6 6. f3 d5 7. exd5 Nxd5 8. Bd2 Bxc3 9. Nxc3 Qh4+ 10. g3 Qxd4 11. Qe2 0-0 12. 0-0-0 Qf6 13. Nxd5 exd5 14. Bb3 Nd7 15. a3 Rfe8 16. Qf2 Nc5 17. Ba2 Rad8 18. Rhf1 Ba6 19. Rfe1 c6 20. Bc3 Qh6+ 21. Kb1 Rf8 22. Re7 Rd7 23. Rde1 Qd6 24. Qd4 Qg6 25. Re8 Rd8 26. Rxf8+ Rxf8 27. Qe5 f6 28. Qc7 Bb7 29. Bb4 Re8 30. Re7 Kf8 31. Bxc5 bxc5 32. Rxe8+ Qxe8 33. Ka1 Bc8 34. Qxa7 Qe7 35. Qxe7+ Kxe7 36. Kb1 g5 37. Kc1 Ke6 38. b3 Ba6 39. Kd2 Ke5 40. c3 f5 41. Ke3 h5 1/2-1/2